[Event "US Open"]
[Site "Vancouver, WA"]
[Date "2012.08.06"]
[Round "3"]
[White "Norowitz, Yaacov (NJ)"]
[Black "Chan, James (CAN)"]
[Result "1-0"]
[WhiteElo "2569"]
[BlackElo "2029"]
[PlyCount "63"]

1.d4 d5 2.c4 c6 3.cxd5 cxd5 4.Nf3 Nf6 5.Nc3 Nc6 6.Bf4 a6 7.Ne5
e6 8.e3 Bd7 9.Bd3 Be7 10.O-O O-O 11.Qf3 Nxe5 12.Bxe5 Bc6 13.Qh3
g6 14.Rac1 Bd6 15.f4 Qe7 16.Rf3 Bxe5 17.fxe5 Nh5 18.g4 Qg5 19.Kh1
Ng7 20.Rcf1 Bb5 21.Bxb5 axb5 22.Nxb5 Ne8 23.a3 Rc8 24.R3f2 Kg7
25.Qg3 h5 26.Rf4 h4 27.Qf2 f6 28.Nc3 Rc7 29.e4 Rd7 30.Qf3 Nc7
31.exf6+ Kf7 32.e5 1-0

[Event "US Open"]
[Site "Vancouver, WA"]
[Date "2012.08.06"]
[Round "3"]
[White "Ossiander, Glen (WA)"]
[Black "Schneider, Kathy (CO)"]
[Result "1-0"]
[WhiteElo "1500"]
[BlackElo "1079"]
[PlyCount "27"]

1.e4 e5 2.Bc4 Nf6 3.d3 Be7 4.Nf3 Nc6 5.a3 O-O 6.Nc3 d6 7.Be3
Ng4 8.Bd2 Be6 {%08DA} 9.Nd5 Nd4 10.Nxe7+ Qxe7 11.Nxd4 Bxc4 12.Nf5
Qe6 13.Qxg4 Ba6 14.Qxg7# 1-0

[Event "US Open"]
[Site "Vancouver, WA"]
[Date "2012.08.09"]
[Round "3"]
[White "Pacini, Eric (OR)"]
[Black "Sloan, Sam (NY)"]
[Result "0-1"]
[WhiteElo "1857"]
[BlackElo "1916"]
[PlyCount "89"]

1.e4 e5 2.Nf3 f6 3.d4 d5 4.Bd3 dxe4 5.Bxe4 f5 6.Nxe5 fxe4 7.Qh5+
g6 8.Nxg6 Nf6 9.Qe5+ Kf7 10.Nxh8+ Kg8 11.Bg5 Bg7 12.Nf7 Kxf7
13.c3 Nc6 14.Bxf6 Qxf6 15.Qxc7+ Kg8 16.O-O Bg4 17.Nd2 Qg6 18.Qg3
Bh6 19.Nc4 Be2 20.Qxg6+ hxg6 21.Nd6 Bxf1 22.Kxf1 e3 23.fxe3 Bxe3
24.Ke2 Bf4 25.Nxb7 Rb8 26.Nc5 Rxb2+ 27.Kd3 Rxg2 28.a4 Rxh2 29.Rd1
Bd6 30.Ne4 Be7 31.d5 Rh3+ 32.Kc4 Ne5+ 33.Kb5 Re3 34.Rd4 Nf3 35.Rc4
Rd3 36.Rc7 Rxd5+ 37.Ka6 Re5 38.Nf2 Bc5 39.Nd3 Re6+ 40.Kb5 Be3
41.a5 g5 42.c4 g4 43.c5 g3 44.Rxa7 g2 45.c6 0-1

[Event "US Open"]
[Site "Vancouver, WA"]
[Date "2012.08.06"]
[Round "3"]
[White "Pechisker, Alfred (CAN)"]
[Black "Tobin, Sean (OR)"]
[Result "1/2-1/2"]
[WhiteElo "2263"]
[BlackElo "2025"]
[PlyCount "118"]

1.e4 c5 2.Nf3 d6 3.Bb5+ Bd7 4.Bxd7+ Nxd7 5.c4 g6 6.Nc3 Bg7 7.O-O
Ngf6 8.d4 cxd4 9.Nxd4 Rc8 10.b3 a6 {%08DA} 11.Bb2 O-O 12.Re1
Re8 13.h3 Ne5 14.Rc1 Nfd7 15.Qe2 Nxc4 16.bxc4 Bxd4 17.Nd5 Bxb2
18.Qxb2 b6 19.Qd2 Rc5 20.f4 e6 21.Nb4 a5 22.Nd3 Rc6 23.Nf2 Qc7
24.e5 dxe5 25.Ne4 Kg7 26.Rcd1 Nc5 27.Nd6 Rf8 28.fxe5 Qe7 29.Rf1
Nd7 30.Qd4 Rc5 31.Ne4 Nxe5 32.Nf6 h6 33.Rde1 Rd8 34.Qa1 Rd2 35.Rxe5
Rxe5 36.Qxe5 Qc5+ 37.Qxc5 bxc5 38.Ne4 Rxa2 39.Nxc5 Rc2 40.Ra1
Rxc4 41.Rxa5 Rc1+ 42.Kh2 Kf6 43.h4 Rb1 44.Nd7+ Kg7 45.Ra7 Rb4
46.g3 Rb5 47.Kg2 g5 48.hxg5 hxg5 49.Rc7 g4 50.Kf2 Rf5+ 51.Ke3
Rf3+ 52.Ke4 Rxg3 53.Ne5 Rg1 54.Rxf7+ Kg8 55.Re7 g3 56.Rxe6 Kh7
57.Kf3 Kg7 58.Rg6+ Kh7 59.Rxg3 Rxg3+ 1/2-1/2

[Event "US Open - Barber K-8"]
[Site "Vancouver, WA"]
[Date "2012.08.06"]
[Round "5"]
[White "Pereira, Royce Trentin  (NV)"]
[Black "Tsao, Kevis  (SC)"]
[Result "0-1"]
[WhiteElo "1660"]
[BlackElo "1933"]
[PlyCount "54"]

1.e4 e5 2.f4 Bc5 3.Nf3 d6 4.Bc4 Nf6 5.Nc3 O-O 6.d4 exd4 7.Nxd4
Re8 8.Qd3 Bxd4 9.Qxd4 Nc6 10.Qe3 Bf5 11.Bd3 Bxe4 12.Bxe4 Nxe4
13.O-O Nf6 {QF3  Qd7} 14.Bd2 {Qf5  Qd3  Qxd3  cxd3} Nd4 15.Rac1
c6 16.h3 Ne2+ 17.Nxe2 {RXe2 Bc3} Nd5 18.Rf2 {Rxf2  Kxf2} Nxf4
19.Rd1 {Re8  Rd2} Nd5 {Bd4  c5} 20.Bc3 Nxc3 21.bxc3 f5 {Rb2  b6  Kf3  Kf7  Kf4  Kf6}
22.g3 d5 23.a4 g5 {Kf3  Re6  d4  cxd4  cxd4  Re4} 24.Rd2 h5 {Kf2}
25.h4 {Kf3  hxg3  Kxg3} Rxe3 26.Kg2 f4 {Rc2} 27.Rd3 {Rc7  Rxd4  Rxa7  Rb4  Ra6  Kf5}
a5 {bxa5  Rxa5  Ke4  Ra2  Rb3  Ra4  d4  Ra5  d3  Kf2  Rb2  Ke1  Rg2  Ra8  Kf3  Rd8  d2  Kd1  Kg3  Rh8  f3  h4 f2  Rf8}
 0-1

[Event "US Open"]
[Site "Vancouver, WA"]
[Date "2012.08.09"]
[Round "3"]
[White "Prideaux, Dave (OR)"]
[Black "Poston, Henry (NM)"]
[Result "1-0"]
[WhiteElo "904"]
[BlackElo "1372"]
[PlyCount "63"]

1.e3 d5 2.c4 Nf6 3.Nf3 Bg4 4.cxd5 Qxd5 5.Nc3 Qa5 6.d4 e6 7.a3
( 7.Bd2 Bb4 8.Be2 O-O 9.a3 Bd6 10.h3 Qh5 11.Qb3 b6 12.O-O-O Bf5
13.g4 Bxg4 14.hxg4 Qxg4 15.Ne5 Qf5 16.Bf3 c6 17.e4 Nxe4 18.Bxe4
Qxf2 19.Bxh7+ Kh8 20.Qc2 Bxe5 21.Bg8+ {1-0, Machalova Maria (SVK) 2140 - Hudakova H, Komarno  (Slovakia) 1999}
) Ne4 8.Bd2 Nxd2 9.Qxd2 Bxf3 10.gxf3 Nc6 11.Bg2 Qg5 12.O-O h5
13.f4 Qg6 14.d5 Rd8 15.Kh1 h4 16.Rg1 Qh5 17.h3 Na5 18.Rad1 Nc4
19.Qc2 Nb6 20.dxe6 Rxd1 21.Rxd1 fxe6 22.Bxb7 e5 23.Bc6+ Kf7 24.Qb3+
Kf6 25.Nd5+ Nxd5 26.Qxd5 Bc5 27.Bd7 Kg6 28.Rg1+ Kh7 29.Qxc5 Qf3+
30.Kh2 exf4 31.Qf5+ Kg8 32.Be6# 1-0

[Event "US Open"]
[Site "Vancouver, WA"]
[Date "2012.08.06"]
[Round "3"]
[White "Pupols, Viktors (WA)"]
[Black "Herrera, Robert (OR)"]
[Result "0-1"]
[WhiteElo "2200"]
[BlackElo "2044"]
[PlyCount "122"]

1.d4 e6 2.c4 Nf6 3.Nf3 d5 4.Nc3 Bb4 5.Qa4+ Nc6 6.e3 O-O 7.Bd2
Re8 8.a3 Bf8 9.Qc2 {%08DA} a5 10.Bd3 dxc4 11.Bxc4 e5 12.d5 Ne7
13.e4 c6 14.Bg5 Qc7 15.dxc6 bxc6 16.Nb5 Qb8 17.Qb3 Nfd5 18.exd5
a4 19.Qd1 cxb5 20.d6 Ng6 21.d7 Bxd7 22.Bxf7+ Kxf7 23.Qxd7+ Kg8
24.Qd5+ Kh8 25.O-O Ra6 26.Rfe1 h6 27.Be3 e4 28.Nd4 Re5 29.Qd7
Rh5 30.h3 Ne5 31.Nc6 Rxc6 32.Qd1 Qe8 33.Bf4 Nc4 34.b3 axb3 35.Qxb3
Rf5 36.Bg3 Bc5 37.Re2 Qg6 38.Kh2 Bd6 39.Rd1 e3 40.Bxd6 Rxd6 41.fxe3
Rxd1 42.Qxd1 Qd6+ 43.Qxd6 Nxd6 44.Rc2 h5 45.Rc6 Ne4 46.Re6 Nc3
47.Kg3 Kg8 48.e4 Rc5 49.Kf4 Kf7 50.Ra6 Rc4 51.Ra7+ Kg6 52.Ra6+
Kf7 53.Ra7+ Kg6 54.Ra6+ Kh7 55.Kf5 Rxe4 56.g4 hxg4 57.hxg4 Ra4
58.Rd6 Rxa3 59.g5 b4 60.Rd3 Ra5+ 61.Kg4 Rb5 0-1

[Event "US Open"]
[Site "Vancouver, WA"]
[Date "2012.08.06"]
[Round "3"]
[White "Raptis, Nick (OR)"]
[Black "Hoefler, Dennis (OR)"]
[Result "1-0"]
[WhiteElo "2330"]
[BlackElo "2062"]
[PlyCount "131"]

1.Nf3 Nf6 2.c4 c5 3.Nc3 Nc6 4.g3 e5 5.Bg2 Be7 6.O-O O-O 7.d3
d6 8.a3 Ne8 9.Nd5 Nc7 10.Nxe7+ Qxe7 11.Ne1 Be6 12.Nc2 a5 13.Ne3
a4 14.Rb1 Ra7 15.b4 axb3 16.Rxb3 Nd8 17.Rb6 Qd7 18.Qc2 Na8 19.Rb1
Nc6 20.Nd5 Nd4 21.Qb2 Bh3 22.e3 Bxg2 23.Kxg2 Ne6 24.f4 f6 25.f5
Nec7 26.Nc3 Qf7 27.e4 Qh5 28.h3 g5 29.h4 g4 30.Qe2 Kh8 31.Rb3
Rg8 32.Bd2 Qe8 33.Bh6 b6 34.Rfb1 Ra6 35.Bd2 h5 36.a4 Kg7 37.Ra1
Qc6 38.Rba3 Kf7 39.Qd1 Rb8 40.Qb3 Ne8 41.Nb5 Ng7 42.Kh2 Ke7 43.Qa2
Nc7 44.Rb1 Rba8 45.Ra1 Qb7 46.Nc3 Kd7 47.Qb3 Qc6 48.Qb2 Ke7 49.Qc1
Kf7 50.Be1 Rh8 51.Nb5 Nge8 52.Rb1 Na8 53.a5 Nac7 54.axb6 Rxb6
55.Ra7 Kg8 56.Ba5 Ra6 57.Bxc7 Rxa7 58.Nxa7 Qxc7 59.Nb5 Qc6 60.Ra1
Rh7 61.Qa3 Rb7 62.Qa8 Rb6 63.Qd8 Kf8 64.Ra7 Rb7 65.Rxb7 Qxb7
66.Qxe8+ 1-0

[Event "US Open"]
[Site "Vancouver, WA"]
[Date "2012.08.09"]
[Round "3"]
[White "Reid, Jacob (OR)"]
[Black "Roper, David (WA)"]
[Result "0-1"]
[WhiteElo "1941"]
[BlackElo "2288"]
[PlyCount "48"]

1.e4 c5 2.Nf3 e6 3.d4 cxd4 4.Nxd4 a6 5.Nc3 Qc7 6.g3 Bb4 7.Qd3
Nf6 8.Bg2 Nc6 9.Nxc6 bxc6 10.a3 {%08DA} Be7 11.O-O a5 12.Qf3
e5 13.h3 Rb8 14.g4 h6 15.Re1 d6 16.Qg3 Be6 17.Na4 Nd7 18.g5 hxg5
19.Bxg5 f6 20.Bd2 g5 21.b4 axb4 22.axb4 Nf8 23.Bf1 Ng6 24.Be2
Rxh3 0-1

[Event "US Open"]
[Site "Vancouver, WA"]
[Date "2012.08.06"]
[Round "3"]
[White "Roland, Jeffrey (ID)"]
[Black "Gater, Daniel (IN)"]
[Result "0-1"]
[WhiteElo "1700"]
[BlackElo "2178"]
[PlyCount "52"]

1.e4 c5 2.Nc3 Nc6 3.d3 g6 4.g3 Bg7 5.Be3 d6 6.Bg2 Rb8 7.Rb1 Nh6
8.h3 f5 9.Qd2 Nf7 10.Nf3 Nd4 11.exf5 Bxf5 12.Nh4 Bd7 13.O-O Qc8
14.Kh2 Bf6 15.Bxd4 Bxd4 16.f4 O-O 17.Nd5 Qd8 18.c3 Bg7 19.Nf3
b5 20.b4 e6 21.Ne3 cxb4 22.cxb4 Rc8 23.Rbc1 Qb6 24.d4 Qa6 25.Rf2
Qa3 26.Nd1 Qxc1 0-1

[Event "US Open"]
[Site "Vancouver, WA"]
[Date "2012.08.06"]
[Round "3"]
[White "Rymuza, Jeffrey (GA)"]
[Black "Rodriguez, Odysseus (WA)"]
[Result "0-1"]
[WhiteElo "1903"]
[BlackElo "1655"]
[PlyCount "56"]

1.e4 c6 2.d4 d5 3.Nc3 dxe4 4.Nxe4 Nd7 5.Bc4 e6 6.Nf3 Ngf6 7.Nxf6+
Nxf6 8.O-O Qc7 9.Re1 Bd6 10.h3 O-O 11.Bg5 Nd5 ( 11...Nd5 12.Bb3
b6 13.c4 Nf4 14.Rc1 c5 15.dxc5 Qxc5 16.Qd2 Ng6 17.Rcd1 Bc7 18.Bc2
f6 19.Be3 Qh5 20.Be4 Rb8 21.Bc6 f5 22.Qe2 e5 23.Bd7 Nh4 24.Bxc8
Rbxc8 25.Nxh4 Qxh4 26.f3 e4 27.Rd7 Be5 28.Rd5 exf3 29.gxf3 Qg3+
30.Kf1 Qxh3+ 31.Qg2 Qxg2+ 32.Kxg2 Bxb2 33.c5 bxc5 34.Bxc5 Rf7
35.Red1 Rfc7 36.Be3 Re8 37.Rxf5 g6 38.Rc5 Rce7 39.Bf2 Re2 40.Ra5
R8e7 41.Kf1 Bc3 42.Ra3 Bb4 43.Ra6 Rc2 44.Bxa7 Ree2 45.a4 Kg7
46.Bd4+ Kh6 47.Ra7 Rh2 48.Kg1 Rhg2+ 49.Kf1 Rh2 50.Kg1 Kg5 51.Be3+
Kf5 52.Ra6 Rcg2+ 53.Kf1 Rh1+ 54.Kxg2 Rxd1 55.Rb6 Bc3 56.a5 Ra1
57.a6 Ra2+ 58.Kf1 Be5 59.Rc6 Ra1+ 60.Ke2 h5 61.a7 h4 62.Rc8 h3
63.a8Q Rxa8 64.Rxa8 h2 65.Ra5 h1Q 66.f4 Qg2+ 67.Ke1 Qh1+ 68.Ke2
Qg2+ 69.Ke1 Kg4 70.Rxe5 Kf3 71.Kd1 Qe2+ 72.Kc1 Qxe3+ 73.Rxe3+
Kxe3 74.Kd1 Kxf4 75.Ke2 Kg3 76.Kf1 g5 77.Kg1 g4 78.Kh1 Kf2 {0-1, Blazsik Zoltan (HUN) 2068 - Zakarias David  (HUN) 2271, Paks (Hungary) 2005.06.19}
) 12.Qe2 b5 13.Bd3 Nf4 14.Bxf4 Bxf4 15.g3 Bh6 16.Ne5 Bb7 17.Qh5
f5 18.Qh4 Rf6 19.f4 Rd8 20.c3 c5 21.Qh5 cxd4 22.cxd4 Qb6 23.Qe2
Qxd4+ 24.Kh2 Bxf4 25.gxf4 Qxf4+ 26.Kg1 Qg3+ 27.Kf1 Rd4 28.Qd2
Rf4+ 0-1

[Event "US Open"]
[Site "Vancouver, WA"]
[Date "2012.08.06"]
[Round "3"]
[White "Sankrithi, Siva (WA)"]
[Black "Leftwich, Ralph (OR)"]
[Result "0-1"]
[WhiteElo "1510"]
[BlackElo "1745"]
[PlyCount "90"]

1.e4 e6 2.d4 d5 3.exd5 exd5 4.Nf3 Nf6 5.Nc3 c6 6.Bd3 Bg4 7.h3
Bh5 8.g4 Bg6 9.Bxg6 hxg6 10.Qe2+ Be7 11.Bf4 Nxg4 12.Ng5 Nh6 13.O-O-O
Nf5 14.Rhe1 Na6 15.Nxf7 Kxf7 16.Qe6+ Kf8 17.Qxg6 Nh4 18.Qe6 Bg5
19.Bxg5 Qxg5+ 20.Kb1 Rd8 21.Re5 Rh6 22.Rxg5 Rxe6 23.Rdg1 Rde8
24.a3 Nf3 25.Rf5+ Rf6 26.Rxf6+ gxf6 27.Rd1 Re1 28.Rxe1 Nxe1 29.Ne2
Nc7 30.Kc1 Ne6 31.c3 Ng2 32.Kd2 Nef4 33.Nxf4 Nxf4 34.h4 Kg7 35.b3
Kg6 36.c4 Kh5 37.Ke3 Ng2+ 38.Kf3 Nxh4+ 39.Kf4 Kg6 40.cxd5 cxd5
41.a4 Nf5 42.Kg4 Nxd4 43.b4 a6 44.f4 b5 45.axb5 axb5 0-1

[Event "US Open"]
[Site "Vancouver, WA"]
[Date "2012.08.09"]
[Round "3"]
[White "Sellers, Matthew (OR)"]
[Black "Bailey, Daniel (WA)"]
[Result "1-0"]
[WhiteElo "2128"]
[BlackElo "1816"]
[PlyCount "45"]

1.Nf3 Nf6 2.g3 g6 3.Bg2 Bg7 4.d3 O-O 5.e4 d6 6.Nc3 Nbd7 7.h3
{%08DA} e5 8.Be3 c6 9.Qd2 Qc7 10.Bh6 b5 11.Bxg7 Kxg7 12.Nh4 Bb7
13.O-O d5 14.exd5 Nxd5 15.Rae1 Rae8 16.d4 Nxc3 17.Qxc3 exd4 18.Qxd4+
Nf6 19.Qxa7 Ra8 20.Qe3 c5 21.Nf5+ Kh8 22.Qh6 Nh5 23.Re7 1-0

[Event "US Open"]
[Site "Vancouver, WA"]
[Date "2012.08.09"]
[Round "3"]
[White "Setiadikurnia, Sloan (WA)"]
[Black "Markowski, Gregory (OR)"]
[Result "1-0"]
[WhiteElo "1737"]
[BlackElo "1388"]
[PlyCount "37"]

1.e4 c6 2.d4 d5 3.exd5 cxd5 4.Bd3 Nf6 5.h3 Nc6 6.Nf3 e6 7.c3
Be7 8.O-O O-O 9.Re1 h6 {%08DA} 10.Nbd2 Re8 11.Ne5 Nd7 12.Nf1
Ndxe5 13.dxe5 Bg5 14.f4 Be7 15.Qg4 Kh8 16.Ng3 Rg8 17.Qh5 f5 18.exf6
Bxf6 19.Qg6 1-0

[Event "US Open"]
[Site "Vancouver, WA"]
[Date "2012.08.06"]
[Round "3"]
[White "Sinanan, Joshua (WA)"]
[Black "Davis, Mikeal (OR)"]
[Result "1-0"]
[WhiteElo "2259"]
[BlackElo "2027"]
[PlyCount "76"]

1.d4 Nf6 2.c4 g6 3.g3 Bg7 4.Bg2 O-O 5.Nc3 d6 6.Nf3 Nbd7 7.O-O
e5 8.e4 Re8 9.Re1 c6 10.h3 exd4 11.Nxd4 Nc5 12.b4 Ne6 13.Nb3
Qb6 ( 13...Nd7 14.Bd2 Ne5 15.Qe2 Qb6 16.Rac1 Nd4 17.Nxd4 Qxd4
18.Nd1 Nd3 19.Ne3 Nxc1 20.Rxc1 Qb2 21.Rc2 Qa1+ 22.Kh2 f5 23.c5
Qf6 24.Bc3 Qe7 25.Bxg7 Kxg7 26.cxd6 Qxd6 27.exf5 gxf5 28.Rc4
Rf8 29.Rf4 Bd7 30.h4 Rac8 31.Qc2 Qe5 32.Bh3 Rf6 33.a3 {1/2-1/2, Antic Dejan (SCG) 2505 - Dirr Ulrich (GER) 2274, Kecskemet  (Hungary) 1990.01}
) 14.Bd2 Nd7 15.a3 Nd4 16.Be3 Nxb3 17.Qxb3 ( 17.Bxb6 Nxa1 18.Bd4
Bxd4 19.Qxa1 ) Qc7 18.Rad1 a5 19.f4 axb4 20.axb4 Nb6 21.c5 Be6
22.Qc2 dxc5 23.bxc5 Nc4 24.Bf2 Qa5 25.e5 f5 26.exf6 Bxf6 27.Ne4
Bg7 28.Ng5 Na3 29.Qe2 Bf7 30.Qg4 Bb3 31.Rxe8+ Rxe8 32.Qd7 Rf8
33.Re1 Nc2 34.Re7 Qa1+ 35.Kh2 h6 36.Ne6 Bxe6 37.Qxe6+ Kh8 38.Qxg6
Qb2 1-0

[Event "US Open"]
[Site "Vancouver, WA"]
[Date "2012.08.09"]
[Round "3"]
[White "Smolak, Frederick (WA)"]
[Black "Gauthier, Avril (OR)"]
[Result "1-0"]
[WhiteElo "1218"]
[BlackElo "518"]
[PlyCount "52"]

1.d4 d5 2.c4 dxc4 3.e3 Nc6 4.Bxc4 Na5 5.Qa4+ Nc6 6.d5 a6 7.dxc6
b5 8.Bxb5 Rb8 9.Be2 e5 10.Nf3 Bd6 11.O-O Nf6 12.Rd1 O-O 13.Nxe5
Qe7 14.Nf3 Ng4 15.h3 Nh6 16.e4 Ra8 17.Bxh6 gxh6 18.Nc3 a5 19.Nd5
Qd8 20.e5 Bc5 21.Nf6+ Kh8 22.Rxd8 Rxd8 23.Rd1 Rf8 24.Bc4 Bf5
25.Qb3 Bg6 26.Qc3 Be7 {%02'time'} 1-0

[Event "US Open"]
[Site "Vancouver, WA"]
[Date "2012.08.09"]
[Round "3"]
[White "Soetedjo, James (WA)"]
[Black "Gamble, Jonathan (OR)"]
[Result "1-0"]
[WhiteElo "1733"]
[BlackElo "1357"]
[PlyCount "51"]

1.d4 f5 2.c4 e6 3.Nc3 Bb4 4.Nf3 Bxc3+ 5.bxc3 Nf6 6.e3 Ne4 7.Qc2
b6 8.Bd3 Bb7 9.O-O O-O 10.Nd2 Nxd2 11.Qxd2 Qg5 ( 11...d6 12.f3
e5 13.Qc2 Qf6 14.Bb2 Nd7 15.Rad1 Rad8 16.a4 a5 17.Ba3 Kh8 18.Rf2
g6 19.Bb2 Qe7 20.e4 f4 21.Bf1 Nf6 22.Rfd2 Bc6 23.Ra1 Rd7 24.Ba3
Rfd8 25.Rad1 g5 26.g4 fxg3 27.hxg3 g4 28.d5 Bb7 29.f4 exf4 30.gxf4
Qxe4 31.Qxe4 Nxe4 32.Re1 Nxd2 { 0-1, Daeberitz H - Hoepfl Thomas (GER) 2313, Nuernberg (Germany) 1988}
) 12.f3 d6 13.e4 f4 14.Re1 Nd7 15.Rb1 Rf6 16.Ba3 c5 17.Rf1 e5
18.Bc2 Rh6 19.dxc5 Nxc5 20.Bxc5 dxc5 21.Qd7 Qh4 {?}
( 21...Bc6 22.Qc7 Qh5 {%02$17/$19} ) 22.Qxb7 Qxh2+ 23.Kf2 Qg3+
24.Ke2 Rd8 25.Rbd1 Rhd6 {??} 26.Rxd6 {%02 (After 26. ... Rxd6 comes 27. Qb8+ and then 28. Qxd6.)}
 1-0

[Event "US Open"]
[Site "Vancouver, WA"]
[Date "2012.08.09"]
[Round "3"]
[White "Sripada, Aravind (WA)"]
[Black "Cherepakhin, Olga (WA)"]
[Result "1/2-1/2"]
[WhiteElo "1207"]
[BlackElo "1556"]
[PlyCount "109"]

1.e4 e5 2.Nf3 Nc6 3.Bc4 Bc5 4.Nc3 Nf6 5.d3 d6 6.Be3 Bb6 7.Qd2
Bg4 8.h3 Be6 9.Bb3 ( 9.Bb3 Qd7 10.d4 exd4 11.Nxd4 Bxb3 12.Nxb3
O-O 13.O-O-O Rfe8 14.f3 Ne5 15.Qf2 Nc4 16.Bd4 Qc6 17.Qg3 Bxd4
18.Rxd4 b5 19.Nd5 Nxd5 20.exd5 Qb6 21.Rg4 g6 22.h4 Qe3+ 23.Kb1
Qe5 24.Nd4 h5 25.Qxe5 dxe5 26.Nxb5 hxg4 27.Nxc7 gxf3 28.Nxe8
fxg2 29.Rg1 Rxe8 30.Rxg2 Ne3 31.Rd2 Rd8 32.Rd3 Rxd5 {0-1, De Jong Jan Willem (NED) 2334 - Smeets Jan (NED) 2550, Leiden  (Netherlands) 1998}
) Bxe3 10.fxe3 Qd7 11.d4 Bxb3 12.axb3 O-O 13.O-O-O Rfb8 14.dxe5
Ne8 15.exd6 cxd6 16.e5 Rd8 17.exd6 Qxd6 18.Qf2 Qc7 19.Rxd8 Rxd8
20.Rd1 Rxd1+ 21.Kxd1 Qd8+ 22.Ke1 Nf6 23.Kf1 Qa5 24.Nd1 Qa1 25.Qd2
Qa6+ 26.Kg1 Qb6 27.Nd4 Qd8 28.Nf2 h6 29.Qc3 Qd6 30.Nxc6 Qxc6
31.Qxc6 bxc6 32.Nd3 Nd5 33.Kf2 Kf8 34.e4 Ne7 35.Ke3 Ke8 36.Kd4
Kd7 37.Kc5 f6 38.g4 g6 39.b4 Ke6 40.b5 cxb5 41.Kxb5 f5 42.e5
fxg4 43.hxg4 h5 44.gxh5 gxh5 45.Nf4+ Kxe5 46.Nxh5 Kd4 47.Nf6
Ke3 48.Nd7 Kd2 49.c4 Kc2 50.b4 Kc3 51.Kc5 Nc8 52.b5 Ne7 53.b6
axb6+ 54.Nxb6 Nf5 55.Kb5 1/2-1/2

[Event "US Open"]
[Site "Vancouver, WA"]
[Date "2012.08.06"]
[Round "3"]
[White "Strenzwilk, Denis (MD)"]
[Black "Epp, Edward (MA)"]
[Result "1-0"]
[WhiteElo "2200"]
[BlackElo "2000"]
[PlyCount "93"]

1.e4 g6 2.d4 Bg7 3.Nf3 d6 4.Be2 c6 5.O-O Nd7 6.a4 a5 7.Nc3 Qc7
8.h3 e5 9.dxe5 dxe5 10.Be3 Ngf6 11.Qd2 O-O 12.Rad1 Re8 13.Bc4
Nf8 14.Qd6 Qxd6 15.Rxd6 Be6 16.Bxe6 Nxe6 17.Rfd1 Bf8 18.R6d3
Nc5 19.Bxc5 Bxc5 20.Kf1 Kg7 21.g3 Rab8 22.Nd2 Bb6 23.Nc4 Bc7
24.f3 Re7 25.b3 Rbe8 26.Kg2 Rb8 27.R1d2 Rbe8 28.Nd1 Rb8 29.Nde3
Rbe8 30.Ng4 Nxg4 31.hxg4 Kf8 32.g5 Kg7 33.Kh3 h5 34.gxh6+ Kxh6
35.Rd7 Kg7 36.Kg4 Kf6 37.f4 exf4 38.gxf4 b5 39.axb5 cxb5 40.e5+
Kg7 41.Na3 a4 42.Nxb5 axb3 43.cxb3 Ba5 44.R2d5 Bb4 45.Nc7 Rc8
46.Rxe7 Bxe7 47.Rd7 1-0

[Event "US Open"]
[Site "Vancouver, WA"]
[Date "2012.08.06"]
[Round "3"]
[White "Truong, Kenneth (WA)"]
[Black "Eagles, Roland (OR)"]
[Result "1/2-1/2"]
[WhiteElo "1714"]
[BlackElo "1935"]
[PlyCount "56"]

1.e4 d6 2.d4 g6 3.Nf3 Bg7 4.Be3 Nf6 5.Nc3 O-O 6.Bc4 c6 7.h3 b5
8.Bb3 Nbd7 9.e5 dxe5 {%08DA} 10.dxe5 Ne8 11.e6 fxe6 12.Bxe6+
Kh8 13.Qd2 Nc7 14.Ng5 Ne5 15.Bb3 Qxd2+ 16.Bxd2 a5 17.f4 Nc4 18.Bxc4
bxc4 19.O-O h6 20.Nf3 Bf5 21.Ne5 Bxe5 22.fxe5 h5 23.Bg5 e6 24.Rf4
Nd5 25.Rxc4 Rab8 26.Rxc6 Nxc3 27.bxc3 Rfc8 28.Bf6+ Kg8 1/2-1/2

[Event "US Open"]
[Site "Vancouver, WA"]
[Date "2012.08.06"]
[Round "3"]
[White "Varner, Murlin (WA)"]
[Black "Neyndorff, Luke (CA)"]
[Result "1-0"]
[WhiteElo "1663"]
[BlackElo "1904"]
[PlyCount "71"]

1.c4 Nf6 2.g3 g6 3.Bg2 Bg7 4.Nf3 O-O 5.Nc3 ( 5.d4 ) c6 6.e4 d6
7.O-O Be6 8.d3 Qc8 ( 8...Qc8 9.Qb3 Nbd7 10.Ng5 Nc5 11.Qc2 Bd7
12.d4 Ne6 13.d5 Nxg5 14.Bxg5 Bh3 15.dxc6 bxc6 16.c5 Bxg2 17.Kxg2
h6 18.Bd2 d5 19.exd5 cxd5 20.b4 Qb7 21.Na4 Qc6 22.Rab1 a6 23.Nb6
Rab8 24.Rfc1 d4+ 25.f3 e5 26.a4 e4 27.fxe4 Nxe4 28.b5 axb5 29.axb5
Qxc5 30.Qxc5 Nxc5 31.Bb4 Nd3 32.Bxf8 Nxc1 33.Nd7 Rd8 34.Bxg7
Kxg7 35.Nc5 Na2 36.b6 Nc3 37.Rb2 d3 38.Rd2 Rb8 39.Rxd3 Rxb6 40.Rxc3
Rb2+ 41.Kh3 Rf2 42.Nd3 Rf3 43.Kg2 Rf6 44.Ne5 Re6 45.Re3 Ra6 46.Re2
Ra7 47.g4 Re7 48.Kf3 Ra7 49.h4 Ra3+ 50.Re3 Ra7 51.Kf4 Ra4+ 52.Re4
Ra7 53.Rd4 Ra1 54.Rd7 Rf1+ 55.Kg3 Rf6 56.Nf3 Kg8 57.h5 Kg7 58.hxg6
Rxg6 59.Kh4 Rf6 60.Nd4 Rf1 61.Nf5+ Kf6 62.Rd6+ Ke5 63.Rxh6 Kf4
64.Ng3 Ra1 65.Rf6+ Ke5 66.Rxf7 Ra8 67.g5 Rh8+ 68.Nh5 Ke6 69.Rf1
Ke7 70.g6 Ke8 71.Re1+ Kd7 72.g7 Rg8 73.Kg5 Kd6 74.Kg6 {1-0, Hartvig Ove Weiss  (DEN) 2289 - Hansen Lars-Henrik Bech (DEN) 2159, Denmark 1999}
) 9.Rb1 a5 10.Ne2 Bh3 11.Bxh3 Qxh3 12.Nf4 Qc8 13.b3 Na6 14.Bb2
e5 15.Ng2 Qd7 16.Qe2 b5 17.d4 exd4 18.Bxd4 Rfe8 19.Bxf6 Bxf6
20.cxb5 cxb5 21.Rbd1 Nc5 22.Nd2 Qb7 23.Qf3 Bg5 24.Rfe1 Bxd2 25.Rxd2
Nxe4 26.Rde2 d5 {%02 (My opponent may be a pawn up, but I will use that pawn as part of my defense.)}
27.Nf4 f5 28.Qd3 Re5 {?!} 29.Qd4 Ng5 30.Kg2 Rxe2 ( 30...Re4 {=} )
31.Rxe2 Rd8 32.h4 Ne4 33.f3 Nd6 34.Nxd5 Nf7 35.Nf6+ Kh8 {?}
( 35...Kf8 36.Nxh7+ Kg8 37.Nf6+ Kf8 38.Qc5+ Kg7 39.Qc3 ) 36.Nh5+
{%02 (with mate in three ways: if Kg8 then Qg7, if Rxd4 then Re8, and if Ne5 then Qxd8.)}
 1-0

[Event "US Open"]
[Site "Vancouver, WA"]
[Date "2012.08.06"]
[Round "3"]
[White "Whitmer, Audrey (WA)"]
[Black "Wilson, Leon (IL)"]
[Result "1-0"]
[WhiteElo "980"]
[BlackElo "1499"]
[PlyCount "45"]

1.e4 c5 2.Nf3 a6 3.d4 cxd4 4.Nxd4 Nf6 5.Nc3 e5 6.Nf3 Bb4 7.Nxe5
Nxe4 8.Qd5 {%08DA} Bxc3+ 9.bxc3 O-O 10.Qxe4 d6 11.Bd3 g6 12.Bh6
Re8 13.O-O dxe5 14.f4 Nc6 15.fxe5 Nxe5 16.Qf4 b5 17.Rae1 Qc7
18.Qf6 Nf3+ 19.gxf3 Qc5+ 20.Kh1 Qf8 21.Rxe8 Bb7 22.Rxf8+
( 22.Qg7# ) Rxf8 23.Qg7# 1-0

[Event "US Open - Barber K-8"]
[Site "Vancouver, WA"]
[Date "2012.08.06"]
[Round "5"]
[White "Wlezien, Alexander (PA)"]
[Black "Chandran, Kapil  (CT)"]
[Result "1/2-1/2"]
[WhiteElo "1999"]
[BlackElo "2246"]
[PlyCount "97"]

1.e4 c5 2.Nf3 e6 3.d4 cxd4 4.Nxd4 a6 5.Bd3 Nf6 6.Nc3 Qc7 7.O-O
Nc6 8.Be3 Ne5 9.h3 Bc5 10.f4 Ng6 11.Kh1 d6 12.Qf3 O-O 13.Nce2
e5 14.Nf5 Bxe3 15.Qxe3 exf4 16.Nxf4 Bxf5 17.exf5 Nxf4 18.Qxf4
Rfe8 19.Qh4 Re3 20.Rae1 Rae8 21.Rxe3 Rxe3 22.Re1 Rxe1+ 23.Qxe1
h5 24.a4 a5 25.b3 Kf8 26.Kg1 Qc5+ 27.Qf2 Ke7 28.Qxc5 dxc5 29.Kf2
Kd6 30.Bc4 Ke5 31.Bxf7 Kxf5 32.Bxh5 Nxh5 33.g4+ Kg5 34.gxh5 Kxh5
35.Kg3 g5 36.c3 Kh6 37.Kh2 Kg6 38.Kg2 Kf6 39.Kf3 Kf5 40.Ke3 Ke5
41.Kf3 b5 42.axb5 c4 43.Ke3 cxb3 44.Kd2 Kd5 45.c4+ Kc5 46.Kc3
a4 47.Kb2 Kb6 48.Kc3 Ka5 49.Kb2 1/2-1/2

[Event "US Open"]
[Site "Vancouver, WA"]
[Date "2012.08.08"]
[Round "3"]
[White "Wyatt, Geoffrey (OR)"]
[Black "Ummel, Igor (WA)"]
[Result "0-1"]
[WhiteElo "1826"]
[BlackElo "2175"]
[PlyCount "46"]

1.e4 c6 2.d4 d5 3.exd5 cxd5 4.Bd3 Nc6 5.c3 Qc7 6.Ne2 Bg4 7.f3
Bh5 8.Bf4 Qd7 9.O-O e6 10.Qd2 {%08DA} Nf6 11.Re1 Bg6 12.Ng3 Be7
13.Kh1 Bxd3 14.Qxd3 h5 15.Nf1 h4 16.h3 Nh5 17.Qe3 Nxf4 18.Qxf4
Bd6 19.Qg5 Ne7 20.Qxg7 Ng6 21.Qf6 Be7 22.Qg7 Bg5 23.Ne3 O-O-O 0-1

[Event "US Open"]
[Site "Vancouver, WA"]
[Date "2012.08.07"]
[Round "4"]
[White "Banner, Richard (OR)"]
[Black "Langdon, Peter (FL)"]
[Result "1/2-1/2"]
[WhiteElo "1800"]
[BlackElo "1926"]
[PlyCount "63"]

1.d4 Nf6 2.c4 e6 3.Nd2 c5 4.Ngf3 cxd4 5.Nxd4 d5 6.cxd5 Qxd5 7.e3
a6 8.Qb3 ( 8.Qf3 Qxf3 9.N4xf3 Nbd7 10.b3 Be7 11.Bb2 O-O 12.Be2
b5 13.Rc1 Nd5 14.O-O Bb7 15.Rc2 Rfc8 16.Rfc1 Rxc2 17.Rxc2 Nc5
18.a3 Rc8 19.Nd4 g6 20.N4f3 f6 21.Ne1 Kf7 22.Bf3 Nd7 23.Rxc8
Bxc8 24.Nd3 Bb7 25.h4 e5 26.b4 N7b6 27.Nb3 Na4 28.Ba1 Ba8 29.Nd2
Ndb6 30.Bxa8 Nxa8 31.g4 N8b6 32.g5 Nc4 33.gxf6 Bxf6 34.Ne4 Bxh4
35.Nxe5+ Ke6 36.Nxc4 bxc4 37.Kf1 Kd5 38.f3 Be7 39.Ke2 h5 40.Bd4
Kc6 41.f4 Kd5 42.Kf3 h4 43.Bg7 h3 44.Nc3+ Nxc3 45.Bxc3 Ke6 46.e4
Bf6 47.e5 Bd8 48.a4 g5 49.fxg5 Bxg5 50.b5 axb5 51.axb5 Kd5 52.b6
Kc6 53.Kg3 Bf4+ 54.Kxh3 Kxb6 {1/2-1/2, Kurajica Bojan (BIH) 2541 - Ivanov Sergey_ (RUS) 2553, Rethymnon (Greece) 2003}
) Nc6 9.Qxd5 exd5 10.Nxc6 bxc6 11.Bd3 Bd6 12.O-O a5 13.e4 O-O
14.exd5 cxd5 15.h3 Rb8 16.Nf3 Re8 17.b3 Bd7 18.Be3 h6 19.Rfd1
a4 20.Bc2 Rec8 21.Nd4 Be5 22.Rac1 Rc7 23.Bf5 Rxc1 24.Rxc1 Bxf5
25.Nxf5 axb3 26.axb3 Rxb3 27.g3 Rd3 28.Kf1 Ne4 29.Ke2 Rc3 30.Ne7+
Kf8 31.Nxd5 Rxc1 32.Bxc1 1/2-1/2